Tilastot visalle Historiaa kirjaimittain - P

Klikkaa tästä pelataksesi tätä visaa!

Yleistilastot

  • Tätä visaa on pelattu 188 kertaa
  • Keskiarvotulos 13 / 20

Vastaustilastot

VihjeVastaus% Oikein
Vuonna 1914 valmistunut kanavaPanaman kanava
88%
Muinaisessa Egyptissä käytetty kirjoitusmateriaaliPapyrus
84%
Ruotsin ja Novgorodin välinen rauhansopimus vuodelta 1323Pähkinäsaaren rauha
83%
Japani hyökkäsi tähän Yhdysvaltain tukikohtaan 7. joulukuuta 1941Pearl Harbor
82%
Vuonna 1986 murhattu Ruotsin pääministeriOlof Palme
79%
Venäjän "suuri" tsaariPietari Suuri
79%
Vesuviuksen tuhoama kaupunkiPompeji
79%
Kielletty kaupunki rakennettiin tähän kaupunkiinPeking
78%
Rautakautta edeltänyt aikakausiPronssiaika
77%
Aristoteleen opettajaPlaton
73%
Tehokkaasta armeijastaan tunnettu saksalainen valtioPreussi
71%
Tämä valtio luovutti Macaon Kiinalle vuonna 1999Portugali
69%
1200-luvulla Kiinaan matkannut venetsialainen, joka kirjoitti kokemuksistaanMarco Polo
63%
Toinen kubismin kehittäjistäPablo Picasso
62%
Temppeli Ateenan Akropolis-kukkulallaParthenon
58%
Merkittävä muinainen kaupunki JordaniassaPetra
53%
Kyyroksen ja Kserksesin aikoinaan johtama valtakuntaPersia
51%
Inkavaltakunnan valloittajaFrancisco Pizarro
36%
Nimitys Rooman ja Karthagon välisille sodille{Puunilais}sodat
31%
Brasilian ensimmäisen keisariPedro I
29%

Tulosjakauma

Persentiili vastausten määrän mukaan

Jokaisen tuloksen saaneiden osuus

Tuloshistoriasi

Et ole pelannut tätä visaa